| 000 | 00708nam a22002297a 4500 | ||
|---|---|---|---|
| 999 |
_c13522 _d13522 |
||
| 003 | AR-CdUCM | ||
| 008 | 190415b ||||| |||| 00| 0 spa d | ||
| 040 |
_aMUNICIPALIDAD PROVINCIAL DEL CUSCO _cBIBLIOTECA MUNICIPAL DEL CUSCO |
||
| 082 |
_a985.04 / _bUG24 |
||
| 100 |
_aUgarte Chamorro, Guillermo _931976 |
||
| 245 | _aEl Teatro en la Independencia del Perú / | ||
| 260 |
_aLima : _c1977. |
||
| 300 |
_a122 páginas ; _c21cm |
||
| 500 | _aSeparata "Bolivar" Nos. 16 17 | ||
| 505 | _aContenido: Ensayo | ||
| 650 |
_aIndependencia _9625 |
||
| 650 |
_aEnsayo _9274 |
||
| 650 |
_aTeatro _9173 |
||
| 710 |
_aSociedad Bolivariana del Perú _931977 |
||
| 942 |
_2ddc _cLIBROS |
||
| 945 |
_anom _d2019-04-15 |
||